Mladí středočeští výtvarníci : obrazy, plastiky, grafika, kresby /

Hlavní autor: Jiráčková, Blanka, 1950-
Korporativní autor: Okresní muzeum (Příbram, Česko)
Další autoři: Městské kulturní středisko (Beroun, Česko)
Jazyk: Čeština
Vydáno: Beroun : Městské kulturní středisko Beroun, 1984
Fyzický popis: 12 nečíslovaných stran : ilustrace ; 21 cm
Knihy
Uloženo v:
LEADER 01128nam a22003012i 4500
001 001913494
003 CZ BrMZK
005 20241029081226.0
007 ta
008 241029s1984 xr a er|||||||||||cze d
040 |a ABE400  |b cze  |e rda 
080 |a 061.4 
100 1 |a Jiráčková, Blanka,  |d 1950-  |7 xx0021224  |4 aut 
245 1 0 |a Mladí středočeští výtvarníci :  |b obrazy, plastiky, grafika, kresby /  |c text Blanka Jiráčková 
264 1 |a Beroun :  |b Městské kulturní středisko Beroun,  |c 1984 
300 |a 12 nečíslovaných stran :  |b ilustrace ;  |c 21 cm 
336 |a text  |b txt  |2 rdacontent 
337 |a bez média  |b n  |2 rdamedia 
338 |a svazek  |b nc  |2 rdacarrier 
500 |a Výstavy: Příbram 10.2.-10.3.1984, Beroun 30.3.-20.4.1984 
650 0 4 |a výtvarné umění - Česko - st.20.léta 80. 
655 4 |a katalog výstavy 
710 2 |a Okresní muzeum (Příbram, Česko) 
710 2 |a Městské kulturní středisko (Beroun, Česko) 
910 |a BOA001  |b X-1533.652 
990 |a BK 
991 |b 202410 
996 6 |b 2610983768  |c X-1533.652  |l MZK  |r Sklad / do 24 hodin  |n 0  |p dar  |w 001982506  |u 000010  |a 1  |e BOA001  |j MZK50  |s P